000 00935nam a2200301 4500
001 76
003 BD-RjUL
005 20211208233116.0
008 131116r19631959us 001 0 eng d
035 _a(BD-RjUL)84
040 _aDLC
_cFUG
_dOCL
_dBD-RjUL
_beng
041 _aeng
082 _a111.1
_216
_bROE 1963
100 1 _aRoberts, David Everett,
_d1911-1955.
_9265
245 1 0 _aExistentialism and religious belief /
_cDavid E. Roberts ; Roger Hazelton, editor.
250 _aGalaxy Book ed.
260 _aNew York :
_bOxford University Press,
_cc1959 [Printing 1960].
300 _av, 344 p ;
_c21 cm
500 _a" A Galaxy Book"
504 _aIncludes bibliography.
504 _aIncludes index.
526 _aphilosophy
_bphilosophy
650 7 _aExistentialism.
_xPhilosophy
_2SLSH
_9266
650 7 _aChristianity
_vPhilosophy.
_9184782
700 1 _aHazelton, Roger, ed.
_9268
942 _2ddc
_cBK
999 _c76
_d76